| 000 | 00000nam##2200000za#4500 |
| 001 | 9.696406 |
| 003 | CaOODSP |
| 005 | 20210624235023 |
| 007 | cr ||||||||||| |
| 008 | 150407|1996||||xxc|||||o f|0| 0 eng|d |
| 040 | |aCaOODSP|beng |
| 043 | |an-cn--- |
| 086 | 1 |aEn106-33/1996E-PDF |
| 110 | 1 |aCanada. |bCanadian Environmental Assessment Agency. |
| 245 | 12|aA guide on biodiversity and environmental assessment / |h[electronic resource]|cprepared jointly with the Biodiversity Convention Office. |
| 260 | |aHull - Quebec : |bCanadian Environmental Assessment Agency |cApril 1996. |
| 300 | |a18p.|bglossary, references |
| 500 | |aThe catalogue number (EN106-33/1996E) and ISBN (0-662-24598-9) for the print edition have been incorrectly copied in this electronic publication. |
| 590 | |a12-32-Supp|b2012-07-11 |
| 690 | 07|aBiological diversity|2gcpds |
| 690 | 07|aEnvironmental impact assessment|2gcpds |
| 775 | 08|tGuide sur la diversité biologique et l'évaluation environnementale / |w(CaOODSP)9.640523 |
| 856 | 40|ahttp://publications.gc.ca|qPDF|s151 KB|uhttps://publications.gc.ca/collections/Collection/En106-33-1996E.pdf |